000 00398nam a2200181Ia 4500
008 210210b1967 xxu||||| |||| 00| 0 eng d
041 _aeng
082 _a320/679
100 _aCOURLANDER (Harold)
245 _aShaping our times
260 _aMadras
_b-
_c1967
300 _a226
650 _atimes
650 _aShaping
650 _aour
690 _aPolitical Science
906 _a003310
999 _c120984
_d120984